000 00387 a2200169 4500
001 184555
020 _a
040 _cMagnum
100 _aAbrita, Conceção Parreiras
240 1 0 _aHistória sem pé nem cabeça
_lpor
245 1 0 _aHistória sem pé nem cabeça
300 _a36
362 0 _a2001
440 1 _aO Lutador
697 _aLITERATURA INFANTO-JUVENIL
942 _cBK
999 _c184555
_d184555